China in the world market : Chinese industry and international sources of reform in the post-Mao era
Moore presents detailed case studies of textiles and shipbuilding to examine the impact of varying degrees of economic openness in the world trading system on the reform, restructuring, and rationalization of Chinese industries. As the book amply demonstrates, the international environment most prop...
Saved in:
| Main Author: | |
|---|---|
| Format: | Book |
| Language: | Undetermined |
| Published: |
Cambridge, U.K.
Cambridge University Press
2002
|
| Subjects: | |
| Tags: |
Add Tag
No Tags, Be the first to tag this record!
|
| Institutions: | Trung tâm Học liệu Trường Đại học Cần Thơ |
|---|
| LEADER | 01435nam a2200241Ia 4500 | ||
|---|---|---|---|
| 001 | CTU_166505 | ||
| 008 | 210402s9999 xx 000 0 und d | ||
| 020 | |c 93 | ||
| 082 | |a 337.51 | ||
| 082 | |b M824 | ||
| 100 | |a Moore, Thomas Geoffrey | ||
| 245 | 0 | |a China in the world market : | |
| 245 | 0 | |b Chinese industry and international sources of reform in the post-Mao era | |
| 245 | 0 | |c Thomas G. Moore | |
| 260 | |a Cambridge, U.K. | ||
| 260 | |b Cambridge University Press | ||
| 260 | |c 2002 | ||
| 520 | |a Moore presents detailed case studies of textiles and shipbuilding to examine the impact of varying degrees of economic openness in the world trading system on the reform, restructuring, and rationalization of Chinese industries. As the book amply demonstrates, the international environment most propitious for change in China's textile and shipbuilding industries during the 1980s and 1990s was one marked by moderate economic closure rather then the ideal-typic economic openness assumed by most observers. Moore also challenges popular notions of China's recent economic success by arguing that Beijing's ability to pursue strategic industrial policy is actually quite limited. | ||
| 650 | |a Industries,Economic history,Công nghiệp,Lịch sử kinh tế | ||
| 650 | |y 1945-,1945- | ||
| 650 | |z China,Trung Quốc | ||
| 904 | |i Đình Thư, Giang | ||
| 980 | |a Trung tâm Học liệu Trường Đại học Cần Thơ | ||